000
00348 a2200169 4500
001
70823
020
_a
8532215513
040
_c
Anchieta - Itaigara
100
_a
Sansoni, SÃlvia
240
1
0
_a
Cidadania
_l
por
245
1
0
_a
Cidadania
300
_a
15
362
0
_a
1998
440
1
_a
FTD
650
4
_a
Literatura infanto-juvenil
942
_c
BK
999
_c
70823
_d
70823